<?xml version="1.0" encoding="UTF-8"?>
<record
    xmlns:xsi="http://www.w3.org/2001/XMLSchema-instance"
    xsi:schemaLocation="http://www.loc.gov/MARC21/slim http://www.loc.gov/standards/marcxml/schema/MARC21slim.xsd"
    xmlns="http://www.loc.gov/MARC21/slim">

  <leader>     nam a22     7a 4500</leader>
  <datafield tag="999" ind1=" " ind2=" ">
    <subfield code="c">43775</subfield>
    <subfield code="d">43775</subfield>
  </datafield>
  <controlfield tag="003">OSt</controlfield>
  <controlfield tag="005">20180220145031.0</controlfield>
  <controlfield tag="008">180220b        xxu||||| |||| 00| 0 eng d</controlfield>
  <datafield tag="040" ind1=" " ind2=" ">
    <subfield code="c">IIMT</subfield>
  </datafield>
  <datafield tag="100" ind1=" " ind2=" ">
    <subfield code="a">RATANLAL AND DHIRAJLAL</subfield>
  </datafield>
  <datafield tag="245" ind1=" " ind2=" ">
    <subfield code="a">DAND PRAKRIYA SANHITA</subfield>
  </datafield>
  <datafield tag="260" ind1=" " ind2=" ">
    <subfield code="a">GURGAON</subfield>
    <subfield code="b">LEXIS NEXIS</subfield>
    <subfield code="c">2017</subfield>
  </datafield>
  <datafield tag="300" ind1=" " ind2=" ">
    <subfield code="a">1652</subfield>
  </datafield>
  <datafield tag="942" ind1=" " ind2=" ">
    <subfield code="2">ddc</subfield>
    <subfield code="c">02</subfield>
  </datafield>
  <datafield tag="952" ind1=" " ind2=" ">
    <subfield code="0">0</subfield>
    <subfield code="1">0</subfield>
    <subfield code="2">ddc</subfield>
    <subfield code="4">0</subfield>
    <subfield code="7">0</subfield>
    <subfield code="a">11</subfield>
    <subfield code="b">11</subfield>
    <subfield code="d">2018-02-20</subfield>
    <subfield code="e">KIRTI PRAKASHAN</subfield>
    <subfield code="g">750.00</subfield>
    <subfield code="l">4</subfield>
    <subfield code="p">11-B-4387</subfield>
    <subfield code="r">2024-05-03</subfield>
    <subfield code="s">2023-12-05</subfield>
    <subfield code="w">2018-02-20</subfield>
    <subfield code="y">02</subfield>
  </datafield>
  <datafield tag="952" ind1=" " ind2=" ">
    <subfield code="0">0</subfield>
    <subfield code="1">0</subfield>
    <subfield code="2">ddc</subfield>
    <subfield code="4">0</subfield>
    <subfield code="7">0</subfield>
    <subfield code="a">11</subfield>
    <subfield code="b">11</subfield>
    <subfield code="d">2018-02-20</subfield>
    <subfield code="e">KIRTI PRAKASHAN</subfield>
    <subfield code="g">750.00</subfield>
    <subfield code="l">3</subfield>
    <subfield code="p">11-B-4388</subfield>
    <subfield code="q">2021-07-20</subfield>
    <subfield code="r">2021-01-13</subfield>
    <subfield code="s">2021-01-13</subfield>
    <subfield code="w">2018-02-20</subfield>
    <subfield code="y">02</subfield>
  </datafield>
  <datafield tag="952" ind1=" " ind2=" ">
    <subfield code="0">0</subfield>
    <subfield code="1">0</subfield>
    <subfield code="2">ddc</subfield>
    <subfield code="4">0</subfield>
    <subfield code="7">0</subfield>
    <subfield code="a">11</subfield>
    <subfield code="b">11</subfield>
    <subfield code="d">2018-02-20</subfield>
    <subfield code="e">KIRTI PRAKASHAN</subfield>
    <subfield code="g">750.00</subfield>
    <subfield code="l">2</subfield>
    <subfield code="p">11-B-4389</subfield>
    <subfield code="r">2020-01-13</subfield>
    <subfield code="s">2019-09-13</subfield>
    <subfield code="w">2018-02-20</subfield>
    <subfield code="y">02</subfield>
  </datafield>
  <datafield tag="952" ind1=" " ind2=" ">
    <subfield code="0">0</subfield>
    <subfield code="1">0</subfield>
    <subfield code="2">ddc</subfield>
    <subfield code="4">0</subfield>
    <subfield code="7">0</subfield>
    <subfield code="a">11</subfield>
    <subfield code="b">11</subfield>
    <subfield code="d">2018-02-20</subfield>
    <subfield code="e">KIRTI PRAKASHAN</subfield>
    <subfield code="g">750.00</subfield>
    <subfield code="l">7</subfield>
    <subfield code="p">11-B-4390</subfield>
    <subfield code="r">2025-02-12</subfield>
    <subfield code="s">2024-12-01</subfield>
    <subfield code="w">2018-02-20</subfield>
    <subfield code="y">02</subfield>
  </datafield>
  <datafield tag="952" ind1=" " ind2=" ">
    <subfield code="0">0</subfield>
    <subfield code="1">0</subfield>
    <subfield code="2">ddc</subfield>
    <subfield code="4">0</subfield>
    <subfield code="7">0</subfield>
    <subfield code="a">11</subfield>
    <subfield code="b">11</subfield>
    <subfield code="d">2018-02-20</subfield>
    <subfield code="e">KIRTI PRAKASHAN</subfield>
    <subfield code="g">750.00</subfield>
    <subfield code="l">6</subfield>
    <subfield code="p">11-B-4391</subfield>
    <subfield code="r">2025-02-25</subfield>
    <subfield code="s">2024-10-21</subfield>
    <subfield code="w">2018-02-20</subfield>
    <subfield code="y">02</subfield>
  </datafield>
  <datafield tag="952" ind1=" " ind2=" ">
    <subfield code="0">0</subfield>
    <subfield code="1">0</subfield>
    <subfield code="2">ddc</subfield>
    <subfield code="4">0</subfield>
    <subfield code="7">0</subfield>
    <subfield code="a">11</subfield>
    <subfield code="b">11</subfield>
    <subfield code="d">2018-02-20</subfield>
    <subfield code="e">KIRTI PRAKASHAN</subfield>
    <subfield code="g">750.00</subfield>
    <subfield code="l">4</subfield>
    <subfield code="p">11-B-4392</subfield>
    <subfield code="r">2025-01-29</subfield>
    <subfield code="s">2024-09-24</subfield>
    <subfield code="w">2018-02-20</subfield>
    <subfield code="y">02</subfield>
  </datafield>
  <datafield tag="952" ind1=" " ind2=" ">
    <subfield code="0">0</subfield>
    <subfield code="1">0</subfield>
    <subfield code="2">ddc</subfield>
    <subfield code="4">0</subfield>
    <subfield code="7">0</subfield>
    <subfield code="a">11</subfield>
    <subfield code="b">11</subfield>
    <subfield code="d">2018-02-20</subfield>
    <subfield code="e">KIRTI PRAKASHAN</subfield>
    <subfield code="g">750.00</subfield>
    <subfield code="l">6</subfield>
    <subfield code="p">11-B-4393</subfield>
    <subfield code="r">2025-02-12</subfield>
    <subfield code="s">2024-08-28</subfield>
    <subfield code="w">2018-02-20</subfield>
    <subfield code="y">02</subfield>
  </datafield>
  <datafield tag="952" ind1=" " ind2=" ">
    <subfield code="0">0</subfield>
    <subfield code="1">0</subfield>
    <subfield code="2">ddc</subfield>
    <subfield code="4">0</subfield>
    <subfield code="7">0</subfield>
    <subfield code="a">11</subfield>
    <subfield code="b">11</subfield>
    <subfield code="d">2018-02-20</subfield>
    <subfield code="e">KIRTI PRAKASHAN</subfield>
    <subfield code="g">750.00</subfield>
    <subfield code="l">2</subfield>
    <subfield code="p">11-B-4394</subfield>
    <subfield code="r">2026-01-20</subfield>
    <subfield code="s">2025-08-26</subfield>
    <subfield code="w">2018-02-20</subfield>
    <subfield code="y">02</subfield>
  </datafield>
  <datafield tag="952" ind1=" " ind2=" ">
    <subfield code="0">0</subfield>
    <subfield code="1">0</subfield>
    <subfield code="2">ddc</subfield>
    <subfield code="4">0</subfield>
    <subfield code="7">0</subfield>
    <subfield code="a">11</subfield>
    <subfield code="b">11</subfield>
    <subfield code="d">2018-02-20</subfield>
    <subfield code="e">KIRTI PRAKASHAN</subfield>
    <subfield code="g">750.00</subfield>
    <subfield code="l">2</subfield>
    <subfield code="p">11-B-4395</subfield>
    <subfield code="r">2021-04-15</subfield>
    <subfield code="s">2021-01-13</subfield>
    <subfield code="w">2018-02-20</subfield>
    <subfield code="y">02</subfield>
  </datafield>
  <datafield tag="952" ind1=" " ind2=" ">
    <subfield code="0">0</subfield>
    <subfield code="1">0</subfield>
    <subfield code="2">ddc</subfield>
    <subfield code="4">0</subfield>
    <subfield code="7">0</subfield>
    <subfield code="a">11</subfield>
    <subfield code="b">11</subfield>
    <subfield code="d">2018-02-20</subfield>
    <subfield code="e">KIRTI PRAKASHAN</subfield>
    <subfield code="g">750.00</subfield>
    <subfield code="l">8</subfield>
    <subfield code="p">11-B-4396</subfield>
    <subfield code="r">2026-01-16</subfield>
    <subfield code="s">2025-08-27</subfield>
    <subfield code="w">2018-02-20</subfield>
    <subfield code="y">02</subfield>
  </datafield>
</record>
